03378nam a2200229 a 450000100080000000500110000800800410001902200140006002400290007410000220010324500760012526000910020130000090029252026870030165000240298865000250301265000220303765000280305965000100308770000260309770000250312310259762024-12-16 2024 bl uuuu u00u1 u #d a2764-62387 a10.54682/bcac.v10n12DOI1 aGALEANO, E. A. V. aValor bruto da produção agropecuária de 2023.h[electronic resource] aBoletim da Conjuntura Agropecuaria Capixaba, Vitória, v.10, n. 1, jan/jun 2024.c2024 a9 p. aA divulgação de dados atualizados da produção agropecuária capixaba está restrita à publicações nacionais e estaduais que tratam do assunto. No entanto, essas publicações trazem informações dos produtos considerados mais importantes nacionalmente, sendo que parte significativa do que é produzido no Espírito Santo, principalmente na olericultura e na fruticultura, que também tem grande relevância econômica e social para o estado, não é contemplada nessas publicações. Atendendo a grande demanda de divulgação desses dados, o Instituto Capixaba de Pesquisa, Assistência Técnica e Extensão Rural ? Incaper disponibiliza o Boletim da Conjuntura Agropecuária Capixaba on-line, que reúne informações das atividades agropecuárias e de todos os seus produtos no Espírito Santo. Essas informações são levantadas pelas principais instituições de pesquisa que atuam no Estado. O Boletim é estruturado de acordo com análise da conjuntura agropecuária capixaba, a partir dos levantamentos estatísticos, acompanhados de tabelas, gráficos e distribuição espacial da produção, com base nos dados discutidos na Reunião Estadual das Estatísticas Agropecuárias ? REAGRO do Espírito Santo. A coordenação desta fica a cargo do Instituto Brasileiro de Geografia e Estatística ? IBGE. São apresentados também dados do levantamento de preços pagos aos produtores capixabas realizado pelo Incaper e de pesquisas agropecuárias desenvolvidas por outras instituições governamentais. Os dados discutidos e aprovados na REAGRO, podem ser consultados no Painel da Produção Agropecuária do Espírito Santo (Painel Agro). O objetivo deste documento é oferecer de forma resumida e organizada as principais informações referentes à evolução da produção e dos mercados, além de disponibilizá-las, uma vez que atualmente não estão facilmente acessíveis. Assim, esta publicação vem suprir uma carência de informações sistematizadas a respeito da produção e produtividade agropecuária no Estado. O acompanhamento deste levantamento é fundamental para o planejamento estratégico, tanto do Incaper, quanto do governo estadual. Além disso, a sua divulgação se destaca como mais um importante serviço prestado à sociedade. O conteúdo apresentado poderá auxiliar o produtor rural na tomada de decisão com relação à atividade desenvolvida, os técnicos no seu trabalho diário e os gestores na elaboração de políticas públicas. Dessa forma, acredita-se que o Boletim da Conjuntura Agropecuária Capixaba on-line preencherá uma lacuna quanto à compilação e divulgação dos dados da produção agropecuária do Estado. aDados Estatísticos aProdução Agrícola aProdução Animal aProdução de Alimentos aSafra1 aSANTANA, M. A. dos S.1 aVINAGRE, D. O. V. B.